| 000 | 00740nam a2200241u 4500 | ||
|---|---|---|---|
| 001 | 21003 | ||
| 003 | BD-RjUL | ||
| 005 | 20211209000634.0 | ||
| 008 | 140303s19671955enk 001 1beng | ||
| 035 | _a(BD-RjUL)21065 | ||
| 040 |
_aDLC _cCarP _dDLC _dDLC _dBD-RjUL _beng |
||
| 041 | _aeng | ||
| 082 |
_220 _a823.912 _bLED 1967 |
||
| 100 | 1 |
_aLeavis, F. R. _q(Frank Raymond), _d1895-1978. _953241 |
|
| 245 | 0 | 0 |
_aD. H. Lawrence, novelist / _cF. R. Leavis. |
| 260 |
_aLondon : _bChatto & Windus, _c1967. |
||
| 300 |
_a318 p. ; _c23 cm. |
||
| 504 | _aIncludes index. | ||
| 600 | 1 | 0 |
_aLawrence, D. H. _q(David Herbert), _d1885-1930. _xCriticism and interpretation. _964906 |
| 942 |
_2ddc _cBK |
||
| 999 |
_c21003 _d21003 |
||